[Event "Brno-A"]
[Site "Brno"]
[Date "1994.??.??"]
[Round "3"]
[White "Stohl, Igor"]
[Black "Haba, Petr"]
[Result "1-0"]
[WhiteElo "2560"]
[BlackElo "2505"]
[Annotator "Ftacnik,L"]
[PlyCount "57"]
[EventDate "1994.08.??"]
[EventType "tourn"]
[EventRounds "9"]
[EventCountry "CZE"]
[EventCategory "13"]
[SourceTitle "CBM 043"]
[Source "ChessBase"]
[SourceDate "1994.12.01"]
[SourceVersion "1"]
[SourceVersionDate "1994.12.01"]
[SourceQuality "1"]

1. c4 c6 2. d4 d5 3. Nc3 e6 4. e4 dxe4 5. Nxe4 Bb4+ 6. Bd2 Qxd4 7. Bxb4 Qxe4+
8. Be2 Ne7 9. Nf3 (9. Qd2 Ng6 10. O-O-O Qf4 11. Nh3 Qxd2+ 12. Rxd2 Na6 13. Bc3
e5 14. Ng5 Nc5 15. Rhd1 Bf5 16. g4 Be6 17. Bb4 f6 18. Bxc5 fxg5 19. Re1 Kf7 20.
b3 Rhd8 21. Bd6 Kf6 22. c5 Bd5 23. Bd3 Re8 24. Bxg6 $10 {Barsov,A-Kasymdganov,
A/UZB-ch (08)/1993/0.5 (31)}) 9... Ng6 $6 (9... Nd5 $1 10. Nd2 (10. Ba3 Nf4 11.
O-O Nxe2+ 12. Kh1 Nd7 13. Re1 c5 (13... Qxc4 14. Rxe2 c5 15. Rc1 Qb5 16. Ne5 $6
Nxe5 $2 17. Rxc5 Qb6 18. Rcxe5 $40 Bd7 19. Rd2 Rd8 20. Qh5 Qc7 21. Bd6 $6 Qc4
22. h3 Bc6 23. Qg5 Rxd6 $1 24. Rxd6 {Borisenko,G-Kalikstein/UZB-ch/1992/0-1 
(31)}) 14. Rxe2 Qc6 15. Qd5 Qb6 16. Rae1 O-O 17. Qh5 Qc7 18. b3 Rd8 19. Rd2 Re8
20. Red1 Nf6 21. Qxc5 Qxc5 22. Bxc5 b6 23. Be3 Bb7 24. Ne5 $10 {Cardon,H-Levin,
F/Sevilla op (09)/1994/0.5 (26)}) 10... Qd4 11. Ba3 Nf4 12. O-O Nd7 13. g3 (13.
Re1 Ne5 14. Bf1 f5 15. h3 Bd7 16. Nb3 Qxd1 17. Raxd1 Nfg6 18. Nc5 O-O-O 19. b3
Nf7 20. Bd3 Rhe8 21. Bb2 b6 22. Nxd7 Rxd7 23. c5 Kc7 24. cxb6+ $13 {Tataev,
M-Kasimdzhanov,R/Voskresensk2/1993/0-1 (47)}) 13... Nxe2+ 14. Qxe2 Nf6 15. Rad1
b6 16. Rfe1 Bb7 17. Nf3 Qg4 18. Rd4 Qh5 19. Rh4 Qa5 20. Ne5 c5 21. Nxf7 $1
Qxe1+ 22. Qxe1 Kxf7 23. Rf4 Rhd8 24. f3 $16 {Matamoros,C-Milos,G/Sevilla Expo 
(04)/1992/0.5 (33)}) 10. Nd2 Qf5 (10... Qxg2 11. Bf3 Qh3 12. Ne4 $40) 11. Bf3
Qe5+ (11... Ne5 12. Ne4 Nxf3+ 13. gxf3 Qe5 14. Bc3 $16) 12. Ne4 f5 13. Bc3 Qc7
14. Nd6+ Kf8 (14... Ke7 15. c5 (15. Nxc8+ Rxc8 16. Bxg7 Nd7 $14) 15... Rd8 16.
Qd2 $40) 15. Qd2 e5 (15... Nh4 16. O-O-O Nxf3 17. gxf3 $40) 16. O-O-O Be6 17.
h4 $1 Nd7 (17... e4 18. h5 exf3 19. hxg6 fxg2 20. Rxh7 Rg8 21. Qg5 $18) 18. h5
Ne7 (18... Nf4 19. g3 $18) 19. h6 Rg8 (19... g6 20. Qe2 $18) 20. Qg5 Rd8 21.
Rhe1 $1 b5 22. Rxe5 $1 Nxe5 23. Bxe5 Rxd6 (23... gxh6 24. Qxh6+ Rg7 25. Qxg7#)
24. hxg7+ Ke8 (24... Kf7 25. Rxd6 Bxc4 26. Bh5+ $18) 25. Bxd6 Qd7 26. Bxe7 Qxe7
27. Bh5+ Bf7 28. Bxf7+ Kxf7 (28... Qxf7 29. Rd8#) 29. Qxf5+ (29. Qxf5+ Kxg7 30.
Rd7 $18) 1-0

[Event "CRO-ch"]
[Site "Slavonski Brod"]
[Date "1995.??.??"]
[Round "?"]
[White "Sulava, Nenad"]
[Black "Palac, Mladen"]
[Result "0-1"]
[WhiteElo "2420"]
[BlackElo "2545"]
[Annotator "Ftacnik,L"]
[PlyCount "68"]
[EventDate "1995.02.??"]
[EventType "tourn"]
[EventRounds "13"]
[EventCountry "CRO"]
[EventCategory "10"]
[SourceTitle "CBM 048"]
[Source "ChessBase"]
[SourceDate "1995.10.01"]
[SourceVersion "1"]
[SourceVersionDate "1995.10.01"]
[SourceQuality "1"]

1. d4 d5 2. c4 e6 3. Nc3 c6 4. e4 dxe4 5. Nxe4 Bb4+ 6. Bd2 Qxd4 7. Bxb4 Qxe4+
8. Be2 c5 9. Bxc5 Qxg2 10. Qd2 (10. Bf3 Qg5 11. Qd4 (11. Bd6 Nc6 (11... Ne7 12.
Ne2 Qf6 13. Nc3 Nf5 14. Nb5 Na6 15. Qb3 Nxd6 16. Nxd6+ Kf8 17. Qa3 Qe5+ 18.
Ne4+ Kg8 19. O-O-O h6 20. Rd8+ Kh7 21. Rxh8+ Kxh8 22. Qf8+ Kh7 23. Qxf7 $16 {
San Segundo,P-Korneev,O/Linares op/1995/1-0 (33)}) 12. Bxc6+ bxc6 13. Nf3 Qd8
14. Rg1 Nh6 15. Bc5 Qxd1+ 16. Rxd1 Nf5 17. Ng5 f6 18. Ne4 a6 19. f4 Kf7 20.
Nd6+ Nxd6 21. Rxd6 Re8 22. Rxc6 Rd8 $13 {Kinsman,A-Payen,A/Paris-London (03)/
1994/0-1 (40)}) 11... Nd7 12. Bb4 Qe5+ 13. Ne2 Qxd4 14. Nxd4 Ne5 15. Be2 Bd7
16. Rg1 Ne7 17. Bd6 N5g6 18. Bf3 Bc6 19. Nxc6 bxc6 20. O-O-O Rc8 21. b4 $44 {
Vaiser,A-Ivanov,S/URS-OT56 Uzhgorod/1988/0.5 (49)}) 10... Qxh1 11. O-O-O Nd7
12. Nf3 (12. Bf3 Qxh2 13. Bxb7 Qc7 $1 14. Bxa8 Qxc5 $17) 12... Qg2 (12... Qxd1+
13. Qxd1 (13. Bxd1 Nxc5 14. Qd4 Bd7 15. Qxc5 Rc8 $14) 13... Nxc5 14. Qd4 Ne7
15. Qxc5 Bd7 (15... f6 16. Nd4 a6 17. Qd6 Kf7 18. c5 Re8 19. Bc4 Nc6 20. Nf5
Rd8 21. Qg3 g6 22. Nd6+ Kg7 23. h4 Ne5 24. Be2 b6 25. f4 Nc6 26. Qg2 Bd7 27.
Bf3 $18 {Tataev,M-Boguslawsky,M/Protvino/1992/}) 16. Ne5 Nc6 (16... Bc6 $5 17.
Nxc6 $1 bxc6 18. Bf3 Rc8 19. Qxa7 $16) 17. Bf3 $1 Nxe5 18. Qxe5 f6 19. Qg3
O-O-O 20. Qxg7 $16 {Yusupov,A-Dokhoian,Y/BRD/1994/1-0 (39)}) 13. Ba3 (13. Ne5
Ngf6 14. Qd6 Qg5+ 15. f4 Ne4 $1) 13... a5 (13... Ne7 14. Ne5 O-O 15. Bxe7 Nxe5
16. Bxf8 Bd7 17. Ba3 Be8 18. Qe3 Nc6 19. Bd6 Rd8 20. h4 e5 {0.5/Flear,G-Vera,R/
Elgoibar/1994/}) 14. Ne5 Ngf6 (14... h6 15. Nxd7 Qg5 16. Nb6 Qxd2+ 17. Rxd2 Rb8
18. Bd6 $18) 15. Bh5 (15. Qd6 $2 Qg5+ 16. Kb1 Ne4 $19) 15... Ra6 (15... Nxh5
16. Nxd7 f6 17. Nb6 Qc6 18. Qd8+ Kf7 19. Qxh8 Qxb6 20. Rg1 g5 21. Qf8+ Kg6 22.
Qe8+ Kf5 23. Qxh5 $40) 16. Bxf7+ Kd8 17. Bh5 Qxh2 (17... Nxh5 $5 18. Nxd7 (18.
Nf7+ Ke8 19. Nxh8 Qxh2 $17) 18... Kc7 19. Nb6 (19. Bd6+ Kxd7 20. Ba3+ Ke8 21.
Qd8+ Kf7 22. Qxh8 Rc6 $19) (19. Nf8 Kb8 20. Qd8 Nf6 21. Bd6+ Rxd6 22. Qxd6+ Ka8
23. Qc5 Qc6 $19) 19... Rxb6 20. Bd6+ Kd7 (20... Kc6 21. Bb8 $18) 21. Bc5+ Ke8 (
21... Kc7 22. Bxb6+ Kxb6 23. Qd4+ Ka6 24. Qc5 b6 $19) 22. Qd8+ Kf7 23. Qxh8 Rc6
$19) 18. Nf7+ Kc7 19. Bf3 Kb8 {Black has artificially completed a castling and
is left with a spare pawn.} (19... Re8 20. Rh1) 20. Nxh8 Qh4 21. Nf7 e5 (21...
Qxc4+ 22. Kb1 $13) 22. Kb1 Ne4 23. Qe3 (23. Qe1 Ndf6) 23... Ndf6 {[%cal Rc8f5]
Black s pieces are coming to life with unpleasant ferrocity.} 24. Nxe5 Re6 25.
Qd4 $6 (25. Ng4 $1 Qg5 (25... Nxg4 26. Qf4+ Ka8 27. Bxe4 $40) 26. Nxf6 Qxe3 27.
fxe3 Nxf6 28. Bd6+ $14) 25... Qf4 26. Bxe4 Qxe4+ 27. Qxe4 Nxe4 28. f4 g5 29.
Rd4 Re8 30. Nf7 (30. Rxe4 $4 Bf5 $19) 30... Bf5 31. Kc1 Ng3 (31... gxf4 32. Nd6
Nxd6 33. Bxd6+ Kc8 34. Rxf4 $10) 32. Rd5 (32. Rd6 gxf4 $17) 32... Be6 $2 (32...
Re1+ 33. Kd2 Re2+) 33. Bd6+ Ka7 34. Rxa5+ Kb6 $138 (34... Kb6 35. Rb5+ Ka7 36.
Bc5+ Kb8 37. Nd6 $36) 0-1

[Event "URS-ch57"]
[Site "Leningrad"]
[Date "1990.??.??"]
[Round "?"]
[White "Bareev, Evgeny"]
[Black "Khalifman, Alexander"]
[Result "1-0"]
[WhiteElo "2590"]
[BlackElo "2615"]
[Annotator "Ftacnik,L"]
[PlyCount "87"]
[EventDate "1990.10.??"]
[EventType "tourn"]
[EventRounds "13"]
[EventCountry "URS"]
[EventCategory "14"]
[SourceTitle "URS-ch"]
[Source "ChessBase"]
[SourceDate "1999.07.01"]
[SourceVersion "1"]
[SourceVersionDate "1999.07.01"]
[SourceQuality "1"]

1. d4 d5 2. c4 e6 3. Nc3 Be7 4. cxd5 exd5 5. Bf4 c6 6. Qc2 Bd6 (6... g6 7. f3)
7. Bg3 Ne7 8. e3 Bf5 (8... Nf5 $5) 9. Qb3 Bxg3 10. hxg3 Qb6 11. Be2 $14 Nd7 (
11... Na6 12. g4 Bg6 13. Nh3 Nb4 14. Kd2 $5 $13 {Bareev}) 12. g4 $1 Be6 13. Nh3
O-O-O (13... Qxb3 $5 14. axb3 a6 15. Ng5 $14 (15. Nf4 $14)) 14. Qa3 $1 Rhe8 15.
Nf4 h6 16. b4 Kb8 17. Rb1 Ng6 18. Nd3 $1 (18. Nxe6 Rxe6 $14) 18... Rc8 19. O-O
Qd8 20. b5 Qe7 21. Nb4 c5 (21... cxb5 $6 22. Nxb5 a6 23. Nxa6+ bxa6 24. Nd6+
$18) (21... Ka8 22. bxc6 bxc6 23. Na4 $40) 22. b6 $1 (22. Nc6+ $2 bxc6 23.
bxc6+ Nb6 24. dxc5 Rxc6 {Bareev}) 22... Nxb6 (22... axb6 23. Nb5 Rcd8 24. Nc6+
$1 $18) 23. Nb5 a6 24. dxc5 Qxc5 (24... Rxc5 25. Nxa6+ bxa6 26. Qxa6 Qb7 27.
Qxb7+ Kxb7 28. Nd6+ $18) 25. Nd6 $1 a5 (25... Qxd6 26. Nxa6+ $18) 26. Na6+ bxa6
27. Qxc5 Rxc5 28. Nxe8 Ka7 29. Nxg7 $18 (29. Rfc1 $1) 29... Na4 30. Rfc1 Nc3
31. Kf1 a4 32. Rb2 (32. Nxe6 fxe6 33. Rb2 $18) 32... Bd7 33. f4 (33. Rbc2 $1)
33... Bb5 34. Bxb5 axb5 35. Nf5 Kb6 36. a3 Rc4 37. Nxh6 d4 38. Nf5 d3 39. Nd6
Rc6 40. Rd2 Nd5 (40... Rxd6 41. Rxc3 $18) 41. Nc8+ Kb7 42. Rxc6 Kxc6 43. Rxd3
Kc5 44. Ke1 1-0

[Event "Interzonal-15"]
[Site "Manila"]
[Date "1990.??.??"]
[Round "5"]
[White "Shirov, Alexei"]
[Black "Spraggett, Kevin"]
[Result "1-0"]
[WhiteElo "2580"]
[BlackElo "2540"]
[Annotator "Ftacnik,L"]
[PlyCount "81"]
[EventDate "1990.06.29"]
[EventType "swiss"]
[EventRounds "13"]
[EventCountry "PHI"]
[SourceTitle "CBM 019"]
[Source "ChessBase"]
[SourceDate "1990.12.01"]
[SourceVersion "1"]
[SourceVersionDate "1990.12.01"]
[SourceQuality "1"]

1. d4 d5 2. c4 e6 3. Nc3 Be7 4. cxd5 exd5 5. Bf4 c6 6. Qc2 Bg4 7. f3 {N} Bh5 8.
O-O-O Nf6 9. e4 Bg6 $1 (9... dxe4 10. g4 Bg6 11. fxe4 $36) 10. Bd3 O-O 11. e5
Ne8 $6 (11... Bxd3 12. Qxd3 Ne8 13. Be3 Na6 14. f4 Nb4 15. Qb1 f5 $10) 12. Be3
(12. Bxg6 $1) 12... Na6 13. Bxg6 fxg6 14. f4 Nec7 15. h4 Ne6 16. Nge2 Nb4 17.
Qb1 (17. Qb3 a5 18. a3 b5 $13) 17... c5 $1 18. a3 a5 19. h5 $6 (19. g3 $1 cxd4
20. Bxd4 Nxd4 21. Nxd4 $16) 19... cxd4 20. Bxd4 Nxf4 $1 21. axb4 axb4 22. Nxf4
Rxf4 23. hxg6 (23. Ne2 Re4 24. hxg6 Bg5+) 23... bxc3 24. bxc3 Bg5 25. Kc2 Qd7 (
25... hxg6) 26. Rxh7 Qf5+ 27. Kb3 Qd7 28. e6 $2 (28. Kc2 Qf5+ $10) 28... Qb5+
$2 (28... Qa4+ 29. Kb2 Ra5 $19) 29. Kc2 Qe2+ (29... Rf2+ 30. Bxf2 Qe2+ 31. Kb3
Qb5+ $10) 30. Rd2 Qe4+ 31. Kb2 Qxe6 32. Rxg7+ Kf8 33. Qh1 Rh4 $2 (33... Ra2+ $1
34. Kxa2 Qa6+ 35. Kb2 Qb5+ $10) 34. Rf2+ Ke8 35. Qf1 Rf4 36. Rxf4 Bxf4 37. Qb5+
Kf8 38. Rf7+ Kg8 39. Rg7+ Kf8 40. Rf7+ Kg8 41. Rxf4 {Ftacnik,L} 1-0

[Event "Bern"]
[Site "Bern"]
[Date "1991.??.??"]
[Round "4"]
[White "Zueger, Beat"]
[Black "Klinger, Josef"]
[Result "0-1"]
[WhiteElo "2425"]
[BlackElo "2470"]
[Annotator "Ftacnik,L"]
[PlyCount "64"]
[EventDate "1991.02.??"]
[EventType "tourn"]
[EventRounds "9"]
[EventCountry "SUI"]
[EventCategory "9"]
[SourceTitle "CBM 022"]
[Source "ChessBase"]
[SourceDate "1991.06.01"]
[SourceVersion "1"]
[SourceVersionDate "1991.06.01"]
[SourceQuality "1"]

1. d4 c6 2. Nf3 d5 3. c4 e6 4. Nc3 dxc4 5. e3 b5 6. a4 Bb4 7. Bd2 Bb7 8. axb5
Bxc3 9. Bxc3 cxb5 10. b3 a5 11. bxc4 b4 12. Bb2 Nf6 13. Bd3 Nbd7 14. O-O O-O
15. Qc2 Qc7 16. e4 e5 17. c5 exd4 (17... Ba6 18. Rfc1 exd4 19. Bxd4 Bxd3 20.
Qxd3 Qc6 $13 {Levitt,J-Flear,G/London WFW/1990/ ->CBM 18}) 18. Bxd4 Ng4 19. Bb5
(19. Bc4 $5 Nde5 20. Nxe5 Nxe5 21. Bd5) 19... Nde5 20. Nxe5 Nxe5 21. Qb2 (21.
f4 Nc6 22. Bb2 Ba6 $132) 21... f6 22. Bxe5 fxe5 $1 (22... Qxe5 23. Qxe5 fxe5
24. c6 Bc8 25. Rfc1 $16) 23. c6 Bc8 (23... Ba6 24. Qa2+ Kh8 25. Qxa5 $16) 24.
Rfc1 $6 (24. Bc4+ Kh8 25. Bd5 $36) 24... Qb6 25. Qxe5 a4 $1 26. Rc5 (26. Bxa4
Rxa4 27. Rxa4 Qxf2+ 28. Kh1 Qf1+) (26. Qc5 Qxc5 27. Rxc5 b3 28. Rxa4 b2 $1)
26... b3 27. Bc4+ (27. Qe7 Ba6 $1) 27... Kh8 28. Qe7 Ba6 29. Bxa6 (29. Rg5
Qxf2+ 30. Kh1 Qd4 $19) 29... Rfe8 $1 (29... Qxa6 30. Rg5) 30. Qd6 Qxa6 31. Rg5
b2 32. Rb1 Qc4 {Ftacnik,L} (32... Qc4 33. Qd2 Qxe4 34. Qxb2 Qe1+) 0-1

[Event "GER-ch"]
[Site "Bad Neuenahr"]
[Date "1991.??.??"]
[Round "6"]
[White "Uhlmann, Wolfgang"]
[Black "Serrer, Christoph"]
[Result "1-0"]
[WhiteElo "2510"]
[BlackElo "2305"]
[Annotator "Ftacnik,L"]
[PlyCount "43"]
[EventDate "1991.06.??"]
[EventType "tourn"]
[EventRounds "15"]
[EventCountry "GER"]
[EventCategory "7"]
[SourceTitle "CBM 024"]
[Source "ChessBase"]
[SourceDate "1991.10.01"]
[SourceVersion "1"]
[SourceVersionDate "1991.10.01"]
[SourceQuality "1"]

1. c4 c6 2. d4 d5 3. Nc3 e6 4. Nf3 dxc4 5. a4 Bb4 6. e3 b5 7. Bd2 a5 8. Qb1 $5
{N} (8. axb5) (8. Qc2) 8... Bd7 (8... Qb6 $5) 9. Be2 Ra6 $6 (9... Nf6 10. O-O
O-O $146) 10. O-O Nf6 11. e4 Be7 12. Rd1 Qc8 (12... b4 13. Na2 $16) 13. Bg5 h6
14. Bh4 Bb4 15. d5 $1 Bxc3 16. bxc3 Rb6 (16... exd5 17. Bxf6 gxf6 18. exd5 $40)
17. Bxf6 gxf6 18. Bxc4 cxd5 19. Bxb5 $1 Bxb5 20. axb5 dxe4 21. Qxe4 Rxb5 22.
Qa4 $1 {Ftacnik,L} 1-0

[Event "Vrnjacka Banja"]
[Site "Vrnjacka Banja"]
[Date "1991.??.??"]
[Round "14"]
[White "Kaspi, Alexander"]
[Black "Maksimenko, Andrei"]
[Result "0-1"]
[WhiteElo "2390"]
[BlackElo "2370"]
[Annotator "Ftacnik,L"]
[PlyCount "52"]
[EventDate "1991.04.??"]
[EventType "tourn"]
[EventRounds "15"]
[EventCountry "YUG"]
[EventCategory "9"]
[SourceTitle "CBM 023"]
[Source "ChessBase"]
[SourceDate "1991.08.01"]
[SourceVersion "1"]
[SourceVersionDate "1991.08.01"]
[SourceQuality "1"]

1. c4 c6 2. d4 d5 3. Nf3 e6 4. Nc3 dxc4 5. a4 Bb4 6. e3 b5 7. Bd2 a5 8. axb5
Bxc3 9. Bxc3 cxb5 10. b3 Bb7 11. d5 Nf6 12. bxc4 b4 13. Bxf6 Qxf6 14. Qa4+ Nd7
15. Nd4 e5 16. Nb3 Ke7 17. Qb5 Ba6 18. Qxa5 Rhb8 19. d6+ Ke8 20. Qd5 {N} (20.
Be2 Bb7 $19 {Ionov-Moroz/URS/1984/}) 20... Bb7 21. Qd2 Rxa1+ 22. Nxa1 Nc5 23.
d7+ (23. Qxb4 Qxd6 $19) 23... Kd8 $1 (23... Nxd7 24. Qxb4) 24. Qxb4 Qd6 25. Qd2
Qa6 $1 26. Qb2 (26. Nc2 Be4 $19) 26... Qa5+ {Ftacnik,L} (26... Qa5+ 27. Ke2
Bf3+ $19) 0-1

[Event "Sochi-A"]
[Site "Sochi"]
[Date "1989.??.??"]
[Round "?"]
[White "Lautier, Joel"]
[Black "Ruban, Vadim"]
[Result "1-0"]
[WhiteElo "2465"]
[BlackElo "2515"]
[Annotator "Ftacnik,L"]
[PlyCount "73"]
[EventDate "1989.01.??"]
[EventType "tourn"]
[EventRounds "15"]
[EventCountry "URS"]
[EventCategory "10"]
[SourceTitle "CBM 016"]
[Source "ChessBase"]
[SourceDate "1990.06.01"]
[SourceVersion "1"]
[SourceVersionDate "1990.06.01"]
[SourceQuality "1"]

1. c4 c6 2. d4 d5 3. Nc3 e6 4. Nf3 dxc4 5. a4 Bb4 6. e3 b5 7. Bd2 Bb7 8. b3 Nf6
{N} (8... a5 9. axb5 Bxc3 10. Bxc3 cxb5 11. bxc4 b4) 9. axb5 Bxc3 10. Bxc3 cxb5
11. bxc4 bxc4 12. Bxc4 Qc7 (12... O-O $5) 13. Bb5+ Bc6 14. Ba5 Qd6 15. Qb3 Bxb5
16. Qxb5+ Qc6 17. Qb4 Qd5 18. Ne5 $1 Qxg2 19. Ke2 Nbd7 (19... Nc6 $2 20. Qb5
Rc8 21. Rhc1 $18) 20. Rhg1 Qe4 21. Qa4 Rc8 22. Rac1 $18 Rxc1 23. Rxc1 O-O 24.
Nxd7 Qg4+ 25. Kf1 Nxd7 26. Qxd7 Qh3+ 27. Ke1 Qxh2 28. Rc8 g6 29. Bb4 Rxc8 30.
Qxc8+ Kg7 31. Qf8+ Kf6 32. Be7+ Kf5 33. Qxf7+ Ke4 34. Qxe6+ Kd3 35. Qb3+ Ke4
36. Qc2+ Kd5 37. Qc5+ {Ftacnik} 1-0

[Event "Interzonal-14b"]
[Site "Szirak"]
[Date "1987.??.??"]
[Round "6"]
[White "Flear, Glenn C"]
[Black "Beliavsky, Alexander G"]
[Result "0-1"]
[WhiteElo "2480"]
[BlackElo "2630"]
[Annotator "Ftacnik,L"]
[PlyCount "82"]
[EventDate "1987.07.??"]
[EventType "tourn"]
[EventRounds "17"]
[EventCountry "HUN"]
[EventCategory "12"]
[SourceTitle "CBM 003"]
[Source "ChessBase"]
[SourceDate "1988.04.01"]
[SourceVersion "1"]
[SourceVersionDate "1988.04.01"]
[SourceQuality "1"]

1. d4 d5 2. c4 e6 3. Nc3 Be7 4. cxd5 exd5 5. Bf4 c6 $5 (5... Nf6 6. e3 c5) 6.
e3 Bf5 7. g4 Be6 8. h4 c5 $5 (8... Nd7) 9. dxc5 Bxc5 10. Nge2 Ne7 (10... Nc6 $5
11. Nd4 (11. Nb5 Rc8) 11... Bxd4 12. exd4 Nge7 13. Bg2 O-O $10) 11. Nd4 Nbc6
12. Nxe6 fxe6 13. Bg2 O-O 14. O-O Ng6 15. Bg5 Be7 16. h5 $1 (16. Bxe7 Qxe7 17.
h5 Nh4 18. Bh1 Rad8 19. f4 d4 20. Ne4 dxe3 21. Qe1 Nd4 22. Qxe3 (22. Rc1 e2 23.
Rf2 Rc8 24. Rb1 Rc2 {/\ Qc7}) 22... Nc2 $17) 16... Bxg5 17. hxg6 hxg6 18. f4
Be7 19. Nxd5 exd5 $2 (19... g5 $1 20. Nxe7+ (20. f5 exd5 21. Bxd5+ Kh8 22. Kg2
Rf6 $17) (20. Qb3 exd5 21. Bxd5+ Kh8 22. Kg2 g6 23. Bxc6 bxc6 24. Rad1 Qc8 $17)
20... Qxe7 $10) 20. Bxd5+ Kh7 21. Rf2 $1 (21. Kg2 Bh4 22. Rh1 g5 23. Qc2+ g6
24. Bxc6 Qc8 $1 $17 {>< g4} (24... bxc6 25. fxg5 Qxg5 26. Rxh4+ Qxh4 27. Rh1
$16)) 21... Bh4 22. Rh2 g5 23. Be4+ Kg8 24. Bd5+ $2 (24. Qb3+ $1 Kh8 $8 (24...
Rf7 25. Bd5 Qe7 26. fxg5 Bxg5 27. Bxf7+ Qxf7 28. Rh8+ $18) 25. Qxb7 Rxf4 26.
Qxc6 $1 Rxg4+ 27. Kh1 Rc8 28. Qg6 $18) 24... Kh8 25. Bxc6 Qb6 $1 26. fxg5 (26.
Qb3 Rxf4 $1 27. Qxb6 Rxg4+ 28. Rg2 Rxg2+ 29. Kxg2 axb6 30. Bxb7 Rf8 $10) 26...
Qxe3+ 27. Kh1 bxc6 28. Rxh4+ Kg8 29. Qb3+ Qxb3 30. axb3 Rf3 31. Ra5 $6 Rd8 (
31... Rxb3 $2 32. g6 {/\ Rah5}) 32. Rxa7 Rxb3 33. Ra1 Rxb2 34. g6 Rbd2 35. Rh5
Rd1+ 36. Rxd1 Rxd1+ 37. Kg2 Rd6 38. Rg5 Kf8 39. Kf3 Ke7 40. Kf4 $4 (40. Rc5
Rxg6 41. Rc1 Kd6 42. Rd1+ Kc7 43. Rc1 $10) 40... Rd4+ 41. Ke3 Rd5 (41... Rd5
42. Rf5 Rxf5 43. gxf5 Kf6 44. Ke4 c5 $19) (41... Rd5 42. Rxd5 cxd5 43. Kd4 Kd6
44. g5 Ke6 $19) 0-1

[Event "Ter Apel"]
[Site "Ter Apel"]
[Date "1990.02.14"]
[Round "3"]
[White "Gaprindashvili, Nona"]
[Black "Bagirov, Vladimir"]
[Result "1-0"]
[WhiteElo "2435"]
[BlackElo "2470"]
[Annotator "Ftacnik,L"]
[PlyCount "74"]
[EventDate "1990.02.12"]
[EventType "tourn"]
[EventRounds "5"]
[EventCountry "NED"]
[EventCategory "10"]
[SourceTitle "CBM 017"]
[Source "ChessBase"]
[SourceDate "1990.08.01"]
[SourceVersion "1"]
[SourceVersionDate "1990.08.01"]
[SourceQuality "1"]

1. d4 d5 2. c4 e6 3. Nc3 c6 4. Nf3 dxc4 5. e4 (5. Bg5 f6) 5... b5 6. Bg5 {N}
Qb6 (6... f6 $5) 7. a4 Nd7 8. Be2 Ngf6 9. axb5 cxb5 10. d5 $1 Bb4 (10... exd5
11. exd5 $36) 11. Be3 Nc5 12. O-O O-O 13. Na2 Ba5 14. Nd4 $1 Ncxe4 $8 (14...
exd5 15. b4 cxb3 16. Nxb3 Nfxe4 17. Nxc5 Nxc5 18. Qc2 $18) (14... Nfxe4 15. b4
cxb3 16. Nxb3 Qc7 17. Nxc5 Nxc5 18. Rc1 Bb6 19. d6 $18) 15. Nxe6 Qd6 16. Nxf8
Bc7 17. g3 Qxf8 18. Bf3 Bh3 19. Re1 a5 (19... Rd8 20. Bxe4 Nxe4 21. Bxa7 $16)
20. Bd4 Nc5 21. Nc3 (21. d6 $6 Bxd6 22. Bxa8 Qxa8 $132) 21... Nd3 (21... Rb8 $5
) 22. Nxb5 $1 Nxe1 23. Qxe1 Re8 24. Qc3 Bd8 25. Qxc4 $18 {Ftacnik,L} Ne4 26.
Be3 Bf5 27. h4 h6 28. Kg2 Qe7 29. Nd4 Bg6 30. Nc6 Qd7 31. Nxd8 Qxd8 32. Bf4 Nd6
33. Qc5 Nf5 34. Qxa5 Qf6 35. h5 Bh7 36. Re1 Rd8 37. Qc7 Rf8 {Time} 1-0